| 000 | 00848cam a2200229 a 4500 | ||
|---|---|---|---|
| 001 | 000007312 | ||
| 005 | 20200929154129.0 | ||
| 008 | 970304s1996 pr a b 001 0 spa d | ||
| 020 | _a0963342738 | ||
| 040 |
_aDO-SdBNP _cNN _dDLC |
||
| 082 |
_a972.95 _bH673v |
||
| 245 | 0 | 0 |
_aHistorias vivas : _bhistoriografía puertorriqueña contemporánea / _ceditores Antonio Gaztambide Géigel y Silvia Álvarez Curbelo,. |
| 260 |
_aSan Juan, (Puerto Rico : _bAsociación Puertorriqueña de Historiadores ; _bPostdata, _c1996. |
||
| 300 |
_a237 p. : _bil. ; _c21 cm. |
||
| 490 | 1 |
_aHermes _v2 |
|
| 504 | _aIncluye referencias bibliográficas. | ||
| 651 | 4 |
_aPuerto Rico _xHistoria _91079 |
|
| 700 | 1 |
_aGaztambide Géigel, Antonio. _920323 |
|
| 700 | 1 |
_aÁlvarez-Curbelo, Silvia. _920324 |
|
| 830 | 0 |
_aHermes ; _v2 _920325 |
|
| 910 | _aCatalogación por copia / LC | ||
| 999 |
_c7093 _d7093 |
||